000 00585nam a2200181 i 4500
001 72596
003 ES-MaACL
005 20250621063047.0
007 t|
008 040902s1973 sp ||||1| spa d
100 1 _aGlendinning, Nigel,
_d1929-2013
_957430
245 1 0 _aHistoria de la literatura española
_b: el siglo XVIII /
_cNigel Glendinning ; [traducción de Luis Alonso López].
260 _aBarcelona :
_bAriel,
_c[1973]
300 _a235 p. ;
_c21 cm.
700 1 _aAlonso López, Luis.
_920349
852 _aES-MaACL
_jC-56132
_bR.88826
999 _c72596
_d72596